[Вступительное слово]; Известия Томского политехнического университета [Известия ТПУ]; Неразрушающий контроль и диагностика

Bibliografiske detaljer
Parent link:Томский политехнический университет. Известия Томского политехнического университета [Известия ТПУ]/ Томский политехнический университет (ТПУ).— .— Томск: Изд-во ТПУ, 1998-2015.— 1684-8519
Неразрушающий контроль и диагностика.— 2008.— [С. 3]
Hovedforfatter: Клюев В. В.
Summary:Заглавие с титульного листа
Электронная версия печатной публикации
Sprog:russisk
Udgivet: 2008
Fag:
Online adgang:http://www.lib.tpu.ru/fulltext/v/Bulletin_TPU/2008/v312/i2app/01.pdf
Format: MixedMaterials Electronisk Book Chapter
KOHA link:https://koha.lib.tpu.ru/cgi-bin/koha/opac-detail.pl?biblionumber=172958

MARC

LEADER 00000naa2a2200000 4500
001 172958
005 20240611155016.0
035 |a (RuTPU)RU\TPU\book\187614 
035 |a RU\TPU\book\187541 
090 |a 172958 
100 |a 20091217d2008 k y0rusy50 ca 
101 0 |a rus 
102 |a RU 
135 |a drnn ---uucaa 
181 0 |a i  
182 0 |a b 
200 1 |a [Вступительное слово]  |f В. В. Клюев 
203 |a Текст  |c электронный 
215 |a 1 файл (1.4 Мб) 
300 |a Заглавие с титульного листа 
300 |a Электронная версия печатной публикации 
337 |a Adobe Reader 
461 1 |0 162495  |t Известия Томского политехнического университета [Известия ТПУ]  |f Томский политехнический университет (ТПУ)  |d 1998-2015  |9 162495  |a Томский политехнический университет  |c Томск  |n Изд-во ТПУ  |x 1684-8519 
463 1 |0 172956  |t Неразрушающий контроль и диагностика  |d 2008  |p 418 с.  |9 172956  |a Клименов, В. А. (российский ученый, специалист в области неразрушающего контроля ; 1951-)  |o Труды Международной научно-технической конференции, Томск 2008 г.  |v [С. 3] 
610 1 |a электронный ресурс 
700 1 |a Клюев  |b В. В. 
801 1 |a RU  |b 63413507  |c 20090623  |g PSBO 
801 2 |a RU  |b 63413507  |c 20121004  |g PSBO 
856 4 |u http://www.lib.tpu.ru/fulltext/v/Bulletin_TPU/2008/v312/i2app/01.pdf 
942 |c CF